00344nam a2200121Ia 4500008004100000020002200041050001600063100002300079245003900102260002500141300001100166650004500177120626s9999 xx 000 0 und d a978-970-15-1265-4 aQP363.3 A55 aANDERSON, James A. aRedes neurales / James A. Anderson aMèxico : Alfaomega a616 p. a1. REDES NEURALES ( NEUROBIOLOGÌA )Ì